000 00616nam a2200229Ia 4500
001 51288
005 20240114005222.0
007 ta
008 090618s1912 g b000 u Eng u
040 _aCotton College Assam
041 _aEng
082 _a3204
_bH 882 Es
100 _aHome, David .
245 0 _aEssays: Moral, Political And Literary /
_cDavid Home.
_hMeeting Documents
250 _a1st ed. /
260 _aNew York :
_bLongmans Green & Co ,
_c1912.
300 _a470p. ;
_c22 cm..
653 _aRef-Political Science
942 _2ddc
_cBK
999 _c51253
_d51253